Normal view
MARC view
Entry Geographic Name
001 - CONTROL NUMBER
- control field: 46399
003 - CONTROL NUMBER IDENTIFIER
- control field: ARRUPE
005 - DATE AND TIME OF LATEST TRANSACTION
- control field: 20190521085837.0
008 - FIXED-LENGTH DATA ELEMENTS
- fixed length control field: 190521|| aca||aabn | a|a d
040 ## - CATALOGING SOURCE
- Original cataloging agency: ARRUPE
- Transcribing agency: ARRUPE
151 ## - HEADING--GEOGRAPHIC NAME
- Geographic name: Africa, Southern
- General subdivision: Politics and government
- Chronological subdivision: 1994-
670 ## - SOURCE DATA FOUND
- Source citation: Work cat.: (ARRUPE)0: Governance and human development in southern in Africa /, 1998.